|
|
|
|
| LEADER |
03084nam a2200685 i 4500 |
| 001 |
nkc20162831750 |
| 003 |
CZ PrNK |
| 005 |
20180126124243.0 |
| 007 |
ta |
| 008 |
160907s2016 xr a f m 000 0 cze |
| 015 |
|
|
|a cnb002831750
|
| 020 |
|
|
|a 978-80-248-3948-6
|q (brožováno) :
|c neprodejné
|
| 035 |
|
|
|a (OCoLC)1022796179
|
| 040 |
|
|
|a BOA001
|b cze
|e rda
|
| 041 |
0 |
|
|a cze
|b cze
|b eng
|
| 072 |
|
7 |
|a 621
|x Strojírenství
|2 Konspekt
|9 19
|
| 080 |
|
|
|a 621.7.015
|2 MRF
|
| 080 |
|
|
|a 621.793/.795
|2 MRF
|
| 080 |
|
|
|a 53.082.5
|2 MRF
|
| 080 |
|
|
|a 543.42
|2 MRF
|
| 080 |
|
|
|a 517.443
|2 MRF
|
| 080 |
|
|
|a (043.3)
|2 MRF
|
| 080 |
|
|
|a (048.3)
|2 MRF
|
| 100 |
1 |
|
|a Zavadil, Jaromír,
|d 1985-
|7 mzk2017974154
|4 dis
|
| 245 |
1 |
0 |
|a Spektrální analýza dat z optického měření topografie povrchů materiálů =
|b Spectral analysis of data acquired using optical measurement of surface topography : autoreferát disertační práce /
|c Jaromír Zavadil
|
| 246 |
3 |
1 |
|a Spectral analysis of data acquired using optical measurement of surface topography
|
| 250 |
|
|
|a 1. vydání
|
| 264 |
|
1 |
|a Ostrava :
|b VŠB - Technická univerzita Ostrava,
|c 2016
|
| 300 |
|
|
|a viii, 49 stran :
|b ilustrace (převážně barevné) ;
|c 21 cm
|
| 336 |
|
|
|a text
|b txt
|2 rdacontent
|
| 337 |
|
|
|a bez média
|b n
|2 rdamedia
|
| 338 |
|
|
|a svazek
|b nc
|2 rdacarrier
|
| 490 |
1 |
|
|a Vědecké spisy Fakulty strojní. Autoreferáty disertačních prací ;
|v sv. 300
|
| 500 |
|
|
|a "Studijní program: P2346 - Strojní inženýrství, studijní obor: 3902V056 - Řízení strojů a procesů"
|
| 500 |
|
|
|a Autoreferát disertační práce (Ph.D.)--Vysoká škola báňská - Technická univerzita Ostrava, Fakulta strojní, katedra automatizační techniky a řízení, 2016
|
| 500 |
|
|
|a 21 výtisků
|
| 504 |
|
|
|a Obsahuje bibliografie
|
| 546 |
|
|
|a České a anglické resumé
|
| 650 |
0 |
7 |
|a kvalita povrchu
|7 ph166371
|2 czenas
|
| 650 |
0 |
7 |
|a povrchové úpravy materiálů
|7 ph124452
|2 czenas
|
| 650 |
0 |
7 |
|a optická měření
|7 ph719073
|2 czenas
|
| 650 |
0 |
7 |
|a spektrální analýza
|7 ph116235
|2 czenas
|
| 650 |
0 |
7 |
|a Fourierova transformace
|7 ph117565
|2 czenas
|
| 650 |
0 |
9 |
|a surface quality
|2 eczenas
|
| 650 |
0 |
9 |
|a surface finishing
|2 eczenas
|
| 650 |
0 |
9 |
|a optical measurements
|2 eczenas
|
| 650 |
0 |
9 |
|a spectrum analysis
|2 eczenas
|
| 650 |
0 |
9 |
|a Fourier transformation
|2 eczenas
|
| 655 |
|
7 |
|a disertace
|7 fd132024
|2 czenas
|
| 655 |
|
7 |
|a autoreferáty
|7 fd131857
|2 czenas
|
| 655 |
|
9 |
|a dissertations
|2 eczenas
|
| 655 |
|
9 |
|a autoabstracts
|2 eczenas
|
| 710 |
2 |
|
|a Vysoká škola báňská - Technická univerzita Ostrava.
|b Katedra automatizační techniky a řízení
|7 kn20010709145
|4 isb
|
| 810 |
2 |
|
|a Vysoká škola báňská - Technická univerzita Ostrava.
|b Strojní fakulta.
|t Vědecké spisy.
|p Autoreferáty disertačních prací
|0 s
|
| 910 |
2 |
|
|a BOA001
|b 2-1399.386
|
| 928 |
9 |
|
|a Vysoká škola báňská - Technická univerzita Ostrava
|
| 990 |
|
|
|a BK
|
| 995 |
|
|
|a 01
|
| 991 |
|
|
|b 201712
|c NOV
|
| 996 |
6 |
|
|b 2610727225
|c 2-1399.386
|l MZK
|r Sklad / do 1 hodiny
|n 0
|p p.v.
|w 001642614
|u 000010
|a 1
|e BOA001
|j MZK50
|s P
|